Reštauračné stravovanie v oblasti aktivít voľného času, architektonická typológia : Kandidátska dizertačná práca /

Salvato in:
Dettagli Bibliografici
Autore principale: Bálent, Dušan (Autore)
Altri autori: Huntier, Jozef (Relatore della tesi)
Natura: Manoscritto Libro
Lingua:slovacco
Pubblicazione: Bratislava : Slovenská vysoká škola technická, Bratislava, Fakulta architektúry, november 1985
Soggetti:
Tags: Aggiungi Tag
Nessun Tag, puoi essere il primo ad aggiungerne!!

MARC

LEADER 00000ntm a22000003a 4500
001 0113932
003 SK-STU
005 20250122133657.9
007 ta
008 250122s2025----xo-----f-mn---000-0-slo-d
040 |a STU  |b slo 
041 0 |a slo 
044 |a xo  |c SK 
100 1 |a Bálent, Dušan  |4 aut 
245 1 0 |a Reštauračné stravovanie v oblasti aktivít voľného času, architektonická typológia :  |b Kandidátska dizertačná práca /  |c aut. Dušan Bálent ; škol. Jozef Huntier 
260 |a Bratislava :  |b Slovenská vysoká škola technická, Bratislava, Fakulta architektúry,  |c november 1985 
300 |a 154 s. 
650 0 7 |a reštaurácie 
650 0 7 |a typológia 
650 0 7 |a verejné stravovanie 
650 0 7 |a história 
650 0 7 |a architektonické navrhovanie 
700 1 |a Huntier, Jozef  |4 ths 
996 |b 284AU10312  |c A* 231/V  |l AAKNST  |s P  |a 0  |w 0113932_0001